| 000 | 00331nam a2200157Ia 4500 | ||
|---|---|---|---|
| 999 |
_c50223 _d50223 |
||
| 003 | 0100 | ||
| 005 | 20190109113813.0 | ||
| 008 | 130303s9999 xx 000 0 und d | ||
| 040 | _cARRUPELIB | ||
| 050 | _aCC165.C63 1957 | ||
| 100 |
_aCottrell, Leonard _928901 |
||
| 245 |
_aLost cities _cLeonard Cottrell |
||
| 260 |
_aLondon _bPan Books Ltd. _c1957 |
||
| 300 |
_a251p. ; _c18cm. |
||
| 650 |
_aCities and towns _xRuined _943911 |
||
| 942 |
_2lcc _cMONOGRAPH |
||